Bill Nye the Science Guy Song Lyrics - Statistics

General Stats
  • This quiz has been taken 321 times
  • The average score is 11 of 13
Answer Stats
Lyrics Answer % Correct
BILL, BILL, _, BILL, BILL, BILL Bill
100%
Bill Bill _ Bill
100%
Bill Nye the _ Guy Science
100%
Bill Nye the Science _ guy
98%
Bill Nye _ Science Guy the
98%
Bill _ _ Science Guy Nye The
89%
_ _ the Science Guy Bill Nye
87%
BILL, BILL, BILL, _ , _ , BILL BILL BILL
85%
(Science _) rules
80%
(T-minus _ seconds) Seven
60%
_ _, _ _ _ Bill Nye the Science Guy
57%
BILL _ _ _ _ _ _ BILL BILL BILL BILL BILL BILL
56%
(Inertia is a _ _ _) property of matter
51%
No matching quizzes found
Score Distribution
Percent of People with Each Score
Percentile by Number Answered
Your Score History
You have not taken this quiz